[Event "Albrecht-Beer-Turnier Gera"]
[Site "Gera"]
[Date "2024.10.04"]
[Round "3.63"]
[White "Brunen, Raul"]
[Black "Rauhut, Max"]
[Result "1-0"]
[WhiteElo "1791"]
[BlackElo "1532"]
[PlyCount "27"]
[EventDate "2024.10.03"]
[WhiteTeam "SC Reichenbach"]
[BlackTeam "SC GG Potsdam"]

1. e4 c5 2. d4 cxd4 3. c3 dxc3 4. Nxc3 a6 5. Nf3 e6 6. Bf4 d6 7. Qb3 Nd7 8. Rd1
Nc5 9. Qc2 b5 10. b4 Nb7 11. Bxb5+ axb5 12. Nxb5 Kd7 13. Ne5+ Ke7 14. Nc6+ 1-0

[Event "Albrecht-Beer-Turnier Gera"]
[Site "Gera"]
[Date "2024.10.04"]
[Round "3.65"]
[White "Fischer, Fabian"]
[Black "Große, Philipp"]
[Result "1/2-1/2"]
[WhiteElo "1563"]
[BlackElo "1743"]
[PlyCount "132"]
[EventDate "2024.10.03"]
[WhiteTeam "SV Schott Jena"]
[BlackTeam "Krostitzer SV"]

1. e4 c5 2. Nf3 d6 3. Bc4 Nc6 4. O-O Nf6 5. d3 e6 6. Re1 Be7 7. c3 a6 8. a4 d5
9. exd5 exd5 10. Bb3 O-O 11. Bf4 Bg4 12. Nbd2 Nh5 13. Be5 Nxe5 14. Rxe5 Nf6 15.
Re1 Bd6 16. c4 d4 17. h3 Bh5 18. Bc2 Qc7 19. Qc1 Bf4 20. Bd1 Rfe8 21. Be2 Re7
22. Qc2 Rae8 23. Ne4 Nxe4 24. dxe4 Rxe4 25. Kf1 Bg6 26. Bd3 Rxe1+ 27. Rxe1
Bxd3+ 28. Qxd3 Rxe1+ 29. Nxe1 Qe7 30. b3 h5 31. g3 Bc7 32. Ng2 Qf6 33. Kg1 Qe6
34. Qf3 Qb6 35. Nf4 Bxf4 36. gxf4 Qg6+ 37. Kf1 b6 38. Ke2 Qc2+ 39. Kf1 g6 40.
h4 d3 41. Qe4 Qc1+ 42. Kg2 Qd1 43. Qe8+ Kg7 44. Qe5+ Kh7 45. Qd5 Qg4+ 46. Kf1
Qf5 47. Qxf5 gxf5 48. f3 Kg7 49. Ke1 Kf6 50. Kd2 Ke6 51. Kxd3 Kd6 52. Kc3 Kc6
53. Kb2 b5 54. Ka2 Kb6 55. Ka3 Ka5 56. axb5 axb5 57. cxb5 Kxb5 58. Ka2 c4 59.
Kb2 Kb4 60. bxc4 Kxc4 61. Kc2 Kd4 62. Kd2 f6 63. Ke2 Kc3 64. Ke3 Kc2 65. Ke2
Kc1 66. Ke1 Kc2 1/2-1/2

[Event "Albrecht-Beer-Turnier Gera"]
[Site "Gera"]
[Date "2024.10.04"]
[Round "3.66"]
[White "Schröder, Ulrich-Christian"]
[Black "Nestler, Klaus"]
[Result "0-1"]
[WhiteElo "1508"]
[BlackElo "1701"]
[PlyCount "112"]
[EventDate "2024.10.03"]
[BlackTeam "Einheit Börnichen"]

1. d4 d5 2. c4 dxc4 3. Nf3 e6 4. g3 c5 5. e3 cxd4 6. Nxd4 e5 7. Nf3 Qxd1+ 8.
Kxd1 Bg4 9. Be2 f6 10. h3 Be6 11. Nfd2 Nc6 12. Nxc4 Bxc4 13. Bxc4 O-O-O+ 14.
Ke2 a6 15. Nc3 Bb4 16. Rd1 Nge7 17. Nd5 Nxd5 18. Bxd5 Kc7 19. a3 Ba5 20. b4 Bb6
21. Bb2 Rd6 22. Rac1 Rhd8 23. Bxc6 Rxd1 24. Rxd1 Kxc6 25. Rxd8 Bxd8 26. e4 Kb5
27. Kd3 Bb6 28. f3 Bf2 29. g4 Be1 30. Bc3 Bg3 31. Bd2 h6 32. Bc1 Bf2 33. Bb2
Ka4 34. Kc4 Be3 35. Kd3 Kb3 36. Bxe5 Kxa3 37. Bxf6 gxf6 38. Kxe3 Kxb4 39. f4
Kc4 40. e5 fxe5 41. fxe5 Kd5 42. Kf4 Ke6 43. h4 a5 44. g5 h5 45. g6 a4 46. g7
Kf7 47. Kf5 a3 48. g8=Q+ Kxg8 49. Ke6 a2 50. Kd7 a1=Q 51. e6 Qa4+ 52. Ke7 b5
53. Ke8 b4+ 54. Kd8 Qa5+ 55. Kd7 Qa7+ 56. Kd8 Kf8 0-1

[Event "Albrecht-Beer-Turnier Gera"]
[Site "Gera"]
[Date "2024.10.04"]
[Round "3.68"]
[White "Gersemann, Olaf"]
[Black "Richter, Felix"]
[Result "0-1"]
[WhiteElo "1440"]
[BlackElo "1646"]
[PlyCount "50"]
[EventDate "2024.10.03"]
[WhiteTeam "TSG Oberschöneweide"]
[BlackTeam "SK Zehlendorf"]

1. Nc3 d5 2. e4 d4 3. Nce2 c5 4. Ng3 Nc6 5. Nf3 e5 6. Bb5 Bd6 7. O-O Nf6 8. d3
Bg4 9. h3 Bd7 10. Bxc6 bxc6 11. Nh2 O-O 12. Nh5 Rb8 13. b3 Nxh5 14. Qxh5 f6 15.
f4 Qa5 16. Qd1 Qc7 17. f5 a5 18. Qg4 Be8 19. Qg3 c4 20. bxc4 Bb4 21. Rb1 c5 22.
Nf3 Ba4 23. Qf2 Rb7 24. a3 Be1 25. Rxb7 Bxf2+ 0-1

[Event "Albrecht-Beer-Turnier Gera"]
[Site "Gera"]
[Date "2024.10.04"]
[Round "3.70"]
[White "Päpke, Aaron"]
[Black "Boroshneva, Kassia"]
[Result "0-1"]
[WhiteElo "1640"]
[BlackElo "1427"]
[PlyCount "72"]
[EventDate "2024.10.03"]
[WhiteTeam "SC Agon Neumünster"]
[BlackTeam "SC Turm Erfurt"]

1. c4 d5 2. cxd5 Qxd5 3. Nc3 Qd8 4. d4 Nf6 5. e4 e6 6. Nf3 Bb4 7. Bd3 h6 8.
Qa4+ Nc6 9. Bb5 Bxc3+ 10. bxc3 Bd7 11. Qc2 a6 12. Ba4 O-O 13. h4 Re8 14. e5 Nd5
15. Ng5 f5 16. Nf3 Qe7 17. Rb1 Na5 18. Bd2 b5 19. c4 Nxc4 20. Bb3 Na3 21. Qc1
Nxb1 22. Qxb1 c6 23. g4 Rf8 24. gxf5 Rxf5 25. Ke2 Qf7 26. Rg1 Kf8 27. Bxh6 gxh6
28. Qc1 Qh5 29. Rg3 Kf7 30. Qg1 Nf4+ 31. Ke3 Ng6 32. Bc2 Rg8 33. Bxf5 exf5 34.
Qd1 Nxh4 35. Ng5+ Rxg5 36. Qb3+ Be6 0-1

[Event "Albrecht-Beer-Turnier Gera"]
[Site "Gera"]
[Date "2024.10.04"]
[Round "4.1"]
[White "Herrmann, Jakob"]
[Black "Langheinrich, Ferenc"]
[Result "1/2-1/2"]
[WhiteElo "2142"]
[BlackElo "2335"]
[PlyCount "89"]
[EventDate "2024.10.03"]
[WhiteTeam "SAV Torgelow-Drögeheide 90"]
[BlackTeam "ESV Nickelhütte Aue"]

1. Nf3 Nf6 2. g3 d5 3. Bg2 c6 4. O-O Bf5 5. c4 e6 6. Qb3 Qc8 7. d3 h6 8. cxd5
exd5 9. Nc3 Nbd7 10. e4 dxe4 11. dxe4 Nc5 12. Qc2 Bh7 13. Nd4 Be7 14. Nf5 Bxf5
15. exf5 O-O 16. Bf4 Rd8 17. Rfd1 a5 18. Rac1 Rxd1+ 19. Rxd1 Qf8 20. Na4 Nxa4
21. Qxa4 Rd8 22. Bc7 Rxd1+ 23. Qxd1 Qc8 24. Bxa5 Qxf5 25. Be1 h5 26. Qe2 Kf8
27. h4 Qb1 28. a3 Qf5 29. Bf3 Qb1 30. Qe5 Nd7 31. Qe2 Nf6 32. Kg2 Qf5 33. Bc3
g6 34. Qe3 Bc5 35. Qd2 Ke7 36. Bb4 Nd7 37. Bc3 Ne5 38. Bxe5 Qxe5 39. b4 Bd4 40.
b5 cxb5 41. Bxb7 Bc5 42. Bc6 Bxa3 43. Qd7+ Kf8 44. Bxb5 Be7 45. Bc6 1/2-1/2

[Event "Albrecht-Beer-Turnier Gera"]
[Site "Gera"]
[Date "2024.10.04"]
[Round "4.2"]
[White "Czäczine, Anne"]
[Black "Buzzoni, Eugenio"]
[Result "0-1"]
[WhiteElo "2184"]
[BlackElo "2060"]
[PlyCount "68"]
[EventDate "2024.10.03"]
[WhiteTeam "Chemnitzer SC Aufbau`95"]
[BlackTeam "SF Berlin 1903"]

1. e4 c5 2. Nf3 e6 3. d4 cxd4 4. Nxd4 Nc6 5. Nc3 Qc7 6. Be3 a6 7. Qf3 Nf6 8.
O-O-O Ne5 9. Qg3 b5 10. f4 Neg4 11. Bg1 h5 12. e5 b4 13. Na4 Nd5 14. h3 Nh6 15.
f5 Bb7 16. Bd3 Be7 17. Kb1 O-O 18. Bh2 h4 19. Qf2 Bg5 20. Nf3 Be3 21. Qe1 Bc6
22. c4 bxc3 23. Nxc3 Qb6 24. Bg1 Rab8 25. b3 Bxg1 26. Nxd5 Bxd5 27. Qxg1 Bxb3
28. Rd2 Bxa2+ 29. Kc1 Qb3 30. Bc2 Rfc8 31. Kd1 Rxc2 32. Rxc2 Qd3+ 33. Nd2 Rb1+
34. Rc1 Bb3+ 0-1

[Event "Albrecht-Beer-Turnier Gera"]
[Site "Gera"]
[Date "2024.10.04"]
[Round "4.3"]
[White "Dettmann, Gerd"]
[Black "Philipp, Mathias"]
[Result "0-1"]
[WhiteElo "2105"]
[BlackElo "2175"]
[PlyCount "92"]
[EventDate "2024.10.03"]
[WhiteTeam "SG Güstrow/Teterow"]
[BlackTeam "SSV Vimaria 91 Weimar"]

1. e4 c5 2. Nf3 Nc6 3. Bb5 Nf6 4. Nc3 Qc7 5. O-O Nd4 6. Re1 a6 7. Bf1 Ng4 8. g3
Nxf3+ 9. Qxf3 Ne5 10. Qe2 d6 11. h3 e6 12. d3 Be7 13. Nd1 Bd7 14. Ne3 g5 15. b3
O-O-O 16. Bb2 h5 17. d4 cxd4 18. Bxd4 f6 19. Rad1 Bc6 20. Nc4 Rdg8 21. Bb6 Qd7
22. Nxe5 fxe5 23. c4 Bd8 24. Bc5 Qg7 25. Bxd6 Bb6 26. b4 Bd4 27. b5 h4 28. Rxd4
exd4 29. bxc6 bxc6 30. c5 hxg3 31. Qxa6+ Qb7 32. fxg3 Qxa6 33. Bxa6+ Kd7 34.
Rb1 Rxh3 35. Rb7+ Ke8 36. Kg2 Rgh8 37. Rb8+ Kf7 38. Rb7+ Kg6 39. Bc4 g4 40.
Rg7+ Kxg7 41. Be5+ Kf7 42. Bxh8 Rxh8 43. Be2 Ra8 44. Bxg4 Rxa2+ 45. Kf3 Kf6 46.
Bh3 Rc2 0-1

[Event "Albrecht-Beer-Turnier Gera"]
[Site "Gera"]
[Date "2024.10.04"]
[Round "4.4"]
[White "Ahmed, Daniel"]
[Black "Schuricht, Emil Frederick"]
[Result "1/2-1/2"]
[WhiteElo "2046"]
[BlackElo "2145"]
[PlyCount "47"]
[EventDate "2024.10.03"]
[WhiteTeam "SV Motor Zeitz"]
[BlackTeam "Krefelder SK Turm 1851"]

1. d4 d5 2. c4 c6 3. Nc3 Nf6 4. Nf3 e6 5. Bg5 Nbd7 6. cxd5 exd5 7. e3 Be7 8.
Bd3 O-O 9. O-O h6 10. Bf4 Re8 11. Qc2 Nf8 12. Ne5 Nh5 13. h3 Nxf4 14. exf4 Bd6
15. Rae1 Bd7 16. Qd2 f6 17. Ng6 Nxg6 18. Bxg6 Rxe1 19. Rxe1 f5 20. g3 Qf6 21.
Bh5 Re8 22. Ne2 Be6 23. Nc1 Bf7 24. Bxf7+ 1/2-1/2

[Event "Albrecht-Beer-Turnier Gera"]
[Site "Gera"]
[Date "2024.10.04"]
[Round "4.5"]
[White "Sechting, Martin"]
[Black "Kapp, Martin"]
[Result "0-1"]
[WhiteElo "1988"]
[BlackElo "2193"]
[PlyCount "90"]
[EventDate "2024.10.03"]
[WhiteTeam "SC Weisse Dame"]
[BlackTeam "SV Eiche Reichenbrand"]

1. d4 Nf6 2. c4 e6 3. Nc3 Bb4 4. e3 O-O 5. Bd3 d5 6. Nf3 c5 7. O-O cxd4 8. exd4
dxc4 9. Bxc4 Bxc3 10. bxc3 Qc7 11. Qe2 b6 12. Ne5 Nc6 13. Bf4 Na5 14. Bd3 Qxc3
15. Rfd1 Bb7 16. Rac1 Qa3 17. Rc7 Qd6 18. Rxb7 Nxb7 19. Ba6 Qd5 20. Bg5 Kh8 21.
Bxf6 gxf6 22. Ng4 Rg8 23. f3 Rg6 24. Ne3 Qc6 25. Bd3 f5 26. Bb5 Qc3 27. Nc4 Rg7
28. Qe5 Rd8 29. Ne3 Nd6 30. Bf1 Ne8 31. Rd3 Qc7 32. Qb5 Nf6 33. d5 f4 34. d6
Rxd6 35. Qe5 Ne8 36. Rc3 Rc6 37. Qxc7 Rxc7 38. Rxc7 Nxc7 39. Nc4 Rg5 40. Nd6
Rd5 41. Nc8 Ra5 42. Bc4 Rc5 43. Bb3 Nb5 44. Ne7 Nd4 45. Ba4 b5 0-1

[Event "Albrecht-Beer-Turnier Gera"]
[Site "Gera"]
[Date "2024.10.04"]
[Round "4.6"]
[White "Schulz, Karsten"]
[Black "Seidens, Gunter"]
[Result "1-0"]
[WhiteElo "2166"]
[BlackElo "2005"]
[PlyCount "49"]
[EventDate "2024.10.03"]
[WhiteTeam "SF Schwerin"]
[BlackTeam "VfL 1990 Gera"]

1. Nf3 g6 2. c4 c5 3. Nc3 Bg7 4. g3 Nc6 5. Bg2 e6 6. d3 Nge7 7. Bg5 h6 8. Bd2
O-O 9. Qc1 Kh7 10. a3 Rb8 11. b4 b6 12. Rb1 Ng8 13. bxc5 bxc5 14. Rxb8 Nxb8 15.
h4 Nf6 16. Ng5+ Kg8 17. Nge4 Ng4 18. Bh3 f5 19. Bxg4 fxe4 20. Nxe4 h5 21. Bf3
Bb7 22. Bh6 Qa5+ 23. Kf1 Bc6 24. Bxg7 Kxg7 25. Qb2+ 1-0

[Event "Albrecht-Beer-Turnier Gera"]
[Site "Gera"]
[Date "2024.10.04"]
[Round "4.7"]
[White "Helms, Sven"]
[Black "Torosyan, Bagrat"]
[Result "0-1"]
[WhiteElo "1966"]
[BlackElo "2164"]
[PlyCount "64"]
[EventDate "2024.10.03"]
[WhiteTeam "SF Schwerin"]
[BlackTeam "TSG Oberschöneweide e.V."]

1. e4 e5 2. Nf3 Nc6 3. Bc4 Nf6 4. d3 Bc5 5. O-O d6 6. Be3 Bxe3 7. fxe3 O-O 8.
Nbd2 Na5 9. Bb3 Nxb3 10. axb3 c6 11. Qe1 b5 12. d4 Qe7 13. Qh4 h6 14. h3 Re8
15. Rae1 a5 16. c4 bxc4 17. bxc4 Ba6 18. Rf2 c5 19. Qg3 Bc8 20. Nh4 Rb8 21.
Ref1 Kh8 22. Nf5 Bxf5 23. Rxf5 Rxb2 24. Rxf6 gxf6 25. Qh4 Qf8 26. Rxf6 Re6 27.
Rxe6 fxe6 28. Nf3 Qg7 29. Qd8+ Kh7 30. Nh4 a4 31. d5 a3 32. dxe6 a2 0-1

[Event "Albrecht-Beer-Turnier Gera"]
[Site "Gera"]
[Date "2024.10.04"]
[Round "4.8"]
[White "Zipfel, Frank"]
[Black "Kottwitz, Daniel"]
[Result "1/2-1/2"]
[WhiteElo "2154"]
[BlackElo "1948"]
[PlyCount "34"]
[EventDate "2024.10.03"]
[WhiteTeam "fuß brothers Jena"]
[BlackTeam "SZ Elstertal Langenberg"]

1. e4 d5 2. exd5 Qxd5 3. Nc3 Qd6 4. d4 Nf6 5. Nf3 c6 6. g3 Bf5 7. Bg2 e6 8. O-O
Qc7 9. Ne5 Nbd7 10. Nc4 Nb6 11. Bf4 Qd8 12. Ne3 Bg6 13. Bg5 Be7 14. f4 h6 15.
Bh4 Qd7 16. f5 Bxf5 17. Nxf5 exf5 1/2-1/2

[Event "Albrecht-Beer-Turnier Gera"]
[Site "Gera"]
[Date "2024.10.04"]
[Round "4.10"]
[White "Pietzsch, Manuel"]
[Black "Besancon, Pascal"]
[Result "1-0"]
[WhiteElo "2042"]
[BlackElo "1912"]
[PlyCount "57"]
[EventDate "2024.10.03"]
[WhiteTeam "SV Motor Zeitz"]
[BlackTeam "SK Weida"]

1. e4 d6 2. d4 Nf6 3. Nc3 e5 4. Nf3 Nbd7 5. Rg1 exd4 6. Nxd4 Nc5 7. Qe2 Be6 8.
b4 Ncd7 9. Nxe6 fxe6 10. Bb2 a5 11. b5 Qe7 12. O-O-O O-O-O 13. g4 g5 14. f4 Rg8
15. e5 Ne8 16. Bg2 gxf4 17. Qf3 d5 18. Nxd5 exd5 19. Qxd5 c6 20. bxc6 Rg6 21.
c7 Rb6 22. cxd8=Q+ Kxd8 23. Qxa5 Kc7 24. Rge1 Nc5 25. Rd6 Nxd6 26. exd6+ Qxd6
27. Be5 Qxe5 28. Rxe5 Nd7 29. Rb5 1-0

[Event "Albrecht-Beer-Turnier Gera"]
[Site "Gera"]
[Date "2024.10.04"]
[Round "4.11"]
[White "Helmsdorf, Marius"]
[Black "Carnot, Luca"]
[Result "1/2-1/2"]
[WhiteElo "1948"]
[BlackElo "2073"]
[PlyCount "77"]
[EventDate "2024.10.03"]
[WhiteTeam "ESV Gera"]
[BlackTeam "TSG Apolda"]

1. d4 Nf6 2. Nc3 e6 3. e4 d5 4. Bg5 dxe4 5. Nxe4 Be7 6. Bxf6 Bxf6 7. Nf3 O-O 8.
Qd2 a5 9. O-O-O Nd7 10. Bd3 b6 11. h4 Bb7 12. Neg5 h6 13. Qf4 Qe7 14. Nh7 Rfc8
15. Ne5 Bxe5 16. dxe5 Nc5 17. Nf6+ Kh8 18. Be2 Rd8 19. Rh3 Nd7 20. Rhd3 Nxe5
21. Qxe5 Rxd3 22. Rxd3 Qxf6 23. Qxf6 gxf6 24. Rd7 Bxg2 25. Rxf7 f5 26. Re7 Rd8
27. Rxe6 Rd4 28. h5 Rd6 29. Re8+ Kg7 30. Re7+ Kf6 31. Rxc7 Bh3 32. c4 Re6 33.
Bd3 Bg4 34. c5 bxc5 35. Rxc5 Re5 36. Rc6+ Re6 37. Rc5 Re5 38. Rc6+ Re6 39. Rc5
1/2-1/2

[Event "Albrecht-Beer-Turnier Gera"]
[Site "Gera"]
[Date "2024.10.04"]
[Round "4.12"]
[White "Richter, Michael"]
[Black "Lorenz, Veronika"]
[Result "1-0"]
[WhiteElo "2420"]
[BlackElo "1882"]
[PlyCount "83"]
[EventDate "2024.10.03"]
[WhiteTeam "SK König Tegel 1949"]
[BlackTeam "TSG Oberschöneweide"]

1. d4 Nf6 2. c4 g6 3. Nc3 Bg7 4. e4 d6 5. Be2 O-O 6. Be3 e5 7. d5 Na6 8. Nf3
Ng4 9. Bg5 f6 10. Bd2 Nh6 11. h4 Bg4 12. a3 Nc5 13. b4 Nd7 14. h5 g5 15. Nh2
Bxe2 16. Qxe2 f5 17. g4 fxg4 18. Nxg4 Nxg4 19. Qxg4 Rf4 20. Qe6+ Kh8 21. h6 Bf6
22. Ke2 Qe8 23. Qxe8+ Rxe8 24. Be3 b6 25. a4 Rh4 26. a5 Rxh1 27. Rxh1 bxa5 28.
bxa5 a6 29. Rb1 Rb8 30. Rxb8+ Nxb8 31. Ba7 Nd7 32. Na2 Nc5 33. Bxc5 dxc5 34.
Nc1 Be7 35. Nd3 Bf8 36. Kf3 Bxh6 37. Nxc5 g4+ 38. Ke2 Bf8 39. Nxa6 h5 40. Nxc7
h4 41. Ne6 h3 42. Kf1 1-0

[Event "Albrecht-Beer-Turnier Gera"]
[Site "Gera"]
[Date "2024.10.04"]
[Round "4.13"]
[White "Kaipalath, Varun Raj"]
[Black "Piotraschke, Jens"]
[Result "0-1"]
[WhiteElo "1882"]
[BlackElo "2059"]
[PlyCount "88"]
[EventDate "2024.10.03"]
[WhiteTeam "SV Schott Jena"]
[BlackTeam "TuS Coswig 1920"]

1. e4 c6 2. d4 d5 3. Nc3 dxe4 4. Nxe4 Nf6 5. Nxf6+ exf6 6. Nf3 Bd6 7. Bd3 O-O
8. O-O Re8 9. c3 Nd7 10. Qc2 Nf8 11. Kh1 Be6 12. Ng1 c5 13. dxc5 Bxc5 14. Bf4
Ng6 15. Bg3 Rc8 16. a3 a5 17. Ne2 Qb6 18. b4 axb4 19. axb4 Bf8 20. f4 Bc4 21.
Nd4 Bxd3 22. Qxd3 Ne7 23. Ra5 Nc6 24. Nxc6 Qxc6 25. Be1 Rcd8 26. Qb1 Re2 27.
Rg1 Qc4 28. Rh5 g6 29. Rh3 f5 30. Rf3 Bg7 31. Rgf1 Rde8 32. h3 Bf6 33. R3f2
Rxf2 34. Bxf2 Bxc3 35. Bc5 Qe4 36. Qb3 Bd2 37. Qf3 Bxb4 38. Bxb4 Qxb4 39. Qd5
Qe4 40. Qb5 Qc6 41. Qb2 Qe4 42. Qb6 Rc8 43. Rb1 Rc2 44. Qxb7 Rc1+ 0-1

[Event "Albrecht-Beer-Turnier Gera"]
[Site "Gera"]
[Date "2024.10.04"]
[Round "4.14"]
[White "Hofmann, Robby"]
[Black "Steinbacher, Claudia"]
[Result "1/2-1/2"]
[WhiteElo "1861"]
[BlackElo "2041"]
[PlyCount "57"]
[EventDate "2024.10.03"]
[BlackTeam "Rodewischer Schachmiezen"]

1. e4 c5 2. Nf3 a6 3. d4 cxd4 4. Nxd4 Nf6 5. Nc3 e5 6. Nf3 Bb4 7. Qd3 Qc7 8.
Bd2 O-O 9. a3 Ba5 10. Be2 d6 11. O-O-O b5 12. Nd5 Bxd2+ 13. Rxd2 Nxd5 14. Qxd5
Bb7 15. Qxd6 Qxd6 16. Rxd6 Bxe4 17. Nxe5 Bxg2 18. Rg1 Be4 19. Bg4 f5 20. Bh5
Ra7 21. f3 Ba8 22. f4 Rc7 23. c3 Nc6 24. Nd7 Rd8 25. Rgd1 Kh8 26. Bf3 g6 27.
R1d2 Na5 28. Ne5 Rg8 29. Bxa8 1/2-1/2

[Event "Albrecht-Beer-Turnier Gera"]
[Site "Gera"]
[Date "2024.10.04"]
[Round "4.15"]
[White "Meyner, Hannes"]
[Black "Streit, Jürgen"]
[Result "1/2-1/2"]
[WhiteElo "2016"]
[BlackElo "1882"]
[PlyCount "54"]
[EventDate "2024.10.03"]
[WhiteTeam "SAbt TG 1949 Wehlheiden"]
[BlackTeam "SZ Elstertal Langenberg"]

1. d4 d5 2. c4 Bf5 3. cxd5 Bxb1 4. Rxb1 Qxd5 5. Nf3 Nc6 6. e3 O-O-O 7. b4 e6 8.
b5 Bb4+ 9. Nd2 Bxd2+ 10. Bxd2 Nce7 11. Qc2 Kb8 12. f3 e5 13. Bc4 Qd6 14. dxe5
Qxe5 15. O-O Nd5 16. Rfe1 Nge7 17. e4 Qd4+ 18. Kh1 Nb6 19. Bb4 Qxc4 20. Qxc4
Nxc4 21. Bxe7 Rd7 22. Bg5 f6 23. Bf4 g5 24. Bc1 Rhd8 25. Kg1 Rd1 26. Kf2 Ne5
27. Ke2 R1d3 1/2-1/2

[Event "Albrecht-Beer-Turnier Gera"]
[Site "Gera"]
[Date "2024.10.04"]
[Round "4.16"]
[White "Seidel, Oliver"]
[Black "Hoffmann, Tim"]
[Result "1/2-1/2"]
[WhiteElo "1835"]
[BlackElo "2004"]
[PlyCount "52"]
[EventDate "2024.10.03"]
[WhiteTeam "SC Reichenbach"]
[BlackTeam "SF Greiz"]

1. e4 c5 2. Nf3 a6 3. d4 cxd4 4. c3 dxc3 5. Nxc3 e6 6. Be2 Nc6 7. Be3 d6 8. O-O
Nf6 9. Qc2 Be7 10. Rfd1 Nd7 11. a3 O-O 12. b4 Nce5 13. Nd4 Nc6 14. Nf3 Nce5 15.
Nd4 Nc6 16. Nf3 Nde5 17. Nxe5 Nxe5 18. f4 Ng6 19. Na4 b5 20. Nc3 Bb7 21. Rac1
Rc8 22. Qb3 Qd7 23. Bg4 Rc4 24. Be2 Rcc8 25. Bg4 Rc4 26. Be2 Rcc8 1/2-1/2

[Event "Albrecht-Beer-Turnier Gera"]
[Site "Gera"]
[Date "2024.10.04"]
[Round "4.17"]
[White "Röhl, Rainer"]
[Black "Hanmuradov, Ülwi"]
[Result "1-0"]
[WhiteElo "2001"]
[BlackElo "1872"]
[PlyCount "85"]
[EventDate "2024.10.03"]
[WhiteTeam "SSC Graal-Müritz"]
[BlackTeam "ESV Gera"]

1. Nf3 Nf6 2. e3 d5 3. c4 e6 4. Nc3 Be7 5. Be2 O-O 6. O-O b6 7. cxd5 Nxd5 8.
Nxd5 exd5 9. Qc2 c5 10. d4 Be6 11. b3 Nd7 12. Bb2 Rc8 13. Ba6 Rc7 14. Rac1 Bf6
15. h3 h6 16. Rfd1 Nb8 17. Bb5 Qc8 18. Ba3 Be7 19. dxc5 Bxc5 20. Bb2 Bd6 21.
Qd2 Rd8 22. Rxc7 Qxc7 23. Nd4 a6 24. Rc1 Qe7 25. Bd3 Rc8 26. Rxc8+ Bxc8 27. Qc3
Qf8 28. Nf5 Bxf5 29. Bxf5 a5 30. Bb1 f6 31. Qc2 Qf7 32. Qc8+ Qf8 33. Qe6+ Kh8
34. Qxd5 Bc5 35. Qf5 Kg8 36. Bd3 Qd6 37. Qh7+ Kf8 38. Qh8+ Kf7 39. Bc4+ Kg6 40.
Qe8+ Kg5 41. h4+ Kxh4 42. Qg6 Qd1+ 43. Bf1 1-0

[Event "Albrecht-Beer-Turnier Gera"]
[Site "Gera"]
[Date "2024.10.04"]
[Round "4.18"]
[White "Kühnl, Bernd"]
[Black "Schmidt, Matthias"]
[Result "0-1"]
[WhiteElo "1813"]
[BlackElo "1993"]
[PlyCount "70"]
[EventDate "2024.10.03"]
[WhiteTeam "VfL 1990 Gera"]
[BlackTeam "TSG Apolda"]

1. Nf3 Nf6 2. c4 g6 3. b3 Bg7 4. Bb2 O-O 5. g3 d6 6. Bg2 Nc6 7. O-O e5 8. d3 h6
9. a3 Rb8 10. Qc2 Re8 11. Nfd2 Nd4 12. Qd1 c6 13. e3 Ne6 14. Qc2 Bd7 15. Nc3
Nh7 16. Ne2 f5 17. f4 exf4 18. Bxg7 Nxg7 19. Nxf4 g5 20. Ne2 Rxe3 21. Nc3 Qf6
22. Rae1 Rbe8 23. Nf3 Rxe1 24. Rxe1 Rxe1+ 25. Nxe1 Ne6 26. Ne2 Nd4 27. Nxd4
Qxd4+ 28. Kf1 Nf6 29. Bf3 f4 30. Qf2 Bh3+ 31. Kg1 Qxf2+ 32. Kxf2 fxg3+ 33. Kxg3
Bf5 34. h3 Kf7 35. Kf2 Bxh3 0-1

[Event "Albrecht-Beer-Turnier Gera"]
[Site "Gera"]
[Date "2024.10.04"]
[Round "4.19"]
[White "Pleyer, Jürgen"]
[Black "Feldmann, Bernd"]
[Result "0-1"]
[WhiteElo "1806"]
[BlackElo "1987"]
[PlyCount "76"]
[EventDate "2024.10.03"]
[WhiteTeam "VfL 1990 Gera"]
[BlackTeam "Randspringer Bad Salzungen"]

1. e4 e6 2. d4 d5 3. e5 c5 4. c3 Nc6 5. Nf3 f6 6. Bd3 c4 7. Bc2 Qc7 8. Qe2 Bd7
9. O-O f5 10. Bxf5 exf5 11. Ng5 g6 12. e6 Bc8 13. Nf7 Bg7 14. g3 Qe7 15. Re1
Bxe6 16. Nxh8 Nd8 17. b3 cxb3 18. Qb5+ Qd7 19. Qxb3 Bxh8 20. Ba3 Bf6 21. Nd2
Nc6 22. Re3 O-O-O 23. Rae1 Bf7 24. Qa4 Bg5 25. f4 Bf6 26. Nb3 b6 27. Nd2 Nxd4
28. Qa6+ Kb8 29. Qd3 Nc6 30. Nf3 d4 31. cxd4 Nxd4 32. Ne5 Bxe5 33. fxe5 Nf3+
34. Rxf3 Qxd3 35. Rxd3 Rxd3 36. Bd6+ Kb7 37. e6 Be8 38. Bf4 h6 0-1

[Event "Albrecht-Beer-Turnier Gera"]
[Site "Gera"]
[Date "2024.10.04"]
[Round "4.21"]
[White "Barth, Jürgen"]
[Black "Gast, Rainer"]
[Result "1/2-1/2"]
[WhiteElo "1815"]
[BlackElo "1965"]
[PlyCount "23"]
[EventDate "2024.10.03"]
[WhiteTeam "Meuselwitzer SV"]
[BlackTeam "SV Breitenworbis"]

1. e4 c6 2. d4 d5 3. exd5 cxd5 4. Bd3 Nf6 5. Ne2 Bg4 6. f3 Bh5 7. c3 e6 8. Qb3
Qd7 9. Bf4 Nc6 10. Na3 Rc8 11. O-O Bg6 12. Qd1 1/2-1/2

[Event "Albrecht-Beer-Turnier Gera"]
[Site "Gera"]
[Date "2024.10.04"]
[Round "4.22"]
[White "Rauhut, Frank"]
[Black "Würsig, Mathias"]
[Result "1/2-1/2"]
[WhiteElo "1963"]
[BlackElo "1812"]
[PlyCount "52"]
[EventDate "2024.10.03"]
[WhiteTeam "SV Jenapharm Jena"]
[BlackTeam "Lomnitzer SV"]

1. d4 Nf6 2. c4 d6 3. Nf3 g6 4. Nc3 Bg7 5. g3 O-O 6. Bg2 Nbd7 7. O-O c5 8. h3
cxd4 9. Nxd4 Nc5 10. Be3 a6 11. Rc1 Rb8 12. b4 Ne6 13. Nb3 b6 14. Nd5 Nxd5 15.
cxd5 Nc7 16. Nd4 Bd7 17. Nc6 Bxc6 18. Rxc6 Nb5 19. Qd3 Na7 20. Rc2 Qd7 21. Rfc1
Qb5 22. Qxb5 Nxb5 23. Rc4 Na7 24. Rc7 Nb5 25. R7c4 Bb2 26. Rd1 a5 1/2-1/2

[Event "Albrecht-Beer-Turnier Gera"]
[Site "Gera"]
[Date "2024.10.04"]
[Round "4.23"]
[White "Stolz, Markus"]
[Black "Reimann, Hubert"]
[Result "0-1"]
[WhiteElo "1791"]
[BlackElo "1956"]
[PlyCount "68"]
[EventDate "2024.10.03"]
[WhiteTeam "TSG Apolda"]
[BlackTeam "SV Motor Zeitz"]

1. d4 Nf6 2. Nf3 b6 3. Bf4 Bb7 4. e3 g6 5. Be2 Bg7 6. Nbd2 O-O 7. O-O Nh5 8.
Bg5 h6 9. Bh4 d6 10. Ne1 Nf6 11. Bf3 c6 12. c3 Nbd7 13. Nd3 Qc7 14. Bg3 e5 15.
dxe5 dxe5 16. Be2 Ne8 17. f4 exf4 18. exf4 f5 19. Nf3 Nef6 20. Nde5 Kh7 21.
Nxd7 Nxd7 22. Nd4 Rfe8 23. Bh4 b5 24. Nc2 Nc5 25. Ne1 Ne4 26. Qc2 a5 27. Bd3
Re6 28. Bxe4 Rxe4 29. Nd3 Rae8 30. Rae1 c5 31. Qf2 c4 32. Ne5 g5 33. Rxe4 Bxe4
34. fxg5 Bxe5 0-1

[Event "Albrecht-Beer-Turnier Gera"]
[Site "Gera"]
[Date "2024.10.04"]
[Round "4.24"]
[White "May, Alexander"]
[Black "Czäczine, Laura"]
[Result "1-0"]
[WhiteElo "1952"]
[BlackElo "1777"]
[PlyCount "115"]
[EventDate "2024.10.03"]
[WhiteTeam "SV Gernrode 1887"]
[BlackTeam "Chemnitzer SC Aufbau`95"]

1. d4 d5 2. Nf3 c5 3. e3 Nc6 4. b3 Bg4 5. Bb2 Nf6 6. Nbd2 cxd4 7. exd4 Qb6 8.
a3 Ne4 9. Be2 e6 10. O-O Bd6 11. h3 Bf5 12. Nxe4 Bxe4 13. Ne5 Rc8 14. c4 Bxe5
15. dxe5 dxc4 16. Bxc4 Na5 17. Bd4 Qc7 18. Bb5+ Nc6 19. Qe2 Bd5 20. Bc5 a6 21.
Bd6 Qb6 22. Ba4 Qd4 23. Bxc6+ Rxc6 24. Rfd1 Qf4 25. b4 f6 26. Rxd5 exd5 27.
exf6+ Qe4 28. fxg7 Rg8 29. Qh5+ Qg6 30. Qe5+ Kd7 31. Bf8 Qf7 32. Rd1 Kc8 33.
Qxd5 Qxd5 34. Rxd5 Rc1+ 35. Kh2 Ra1 36. Rd3 Kc7 37. f4 Re1 38. f5 Re8 39. f6
Rexf8 40. gxf8=Q Rxf8 41. Rf3 Kd6 42. f7 Ke7 43. g4 Rxf7 44. Rxf7+ Kxf7 45. Kg3
Kf6 46. Kf4 h6 47. h4 Ke6 48. g5 h5 49. Ke4 b6 50. a4 Ke7 51. Ke5 Ke8 52. Ke6
Kf8 53. Kf6 b5 54. axb5 axb5 55. g6 Kg8 56. g7 Kh7 57. Kf7 Kh6 58. g8=R 1-0